| 000 | 00535nam a22001697a 4500 | ||
|---|---|---|---|
| 005 | 20241115095320.0 | ||
| 008 | 241011b |||||||| |||| 00| 0 eng d | ||
| 020 | _a9781032341286 | ||
| 082 | _aDC 070.4 In726 2024 | ||
| 245 |
_aInsights on science journalism / _cedited by Felicity Mellor. |
||
| 260 |
_aNew York : _bRoutldge, _c©2024. |
||
| 300 |
_a201 pages : _billustrations ; _c2 cm. |
||
| 500 | _aIncludes references and index. | ||
| 650 | 0 |
_aJournalism. _964145 |
|
| 700 |
_aMellor, Felicity. _962768 _eeditor. |
||
| 942 |
_2ddc _cDC |
||
| 999 |
_c22475 _d22475 |
||